Cargando...

Sundogs : a novel /

Detalles Bibliográficos
Autor Principal: Maracle, Lee
Formato: Printed Book
Idioma:English
Publicado: Penticton, B.C. : Theytus Books, c1992.
Subjects:
LEADER 00940cam a2200253 a 4500
008 930204s1992 bcc 000 1 eng
010 |a  93111396  
020 |a 0919441416(pbk.):  |c $12.95 
043 |a n-cn--- 
082 0 0 |a 813/.54  |2 20 
100 1 |a Maracle, Lee. 
245 1 0 |a Sundogs :  |b a novel /  |c by Lee Maracie. 
260 |a Penticton, B.C. :  |b Theytus Books,  |c c1992. 
300 |a 214 p. ;  |c 21 cm. 
500 |a Cover title. 
650 0 |a Indians of North America  |x Fiction. 
650 0 |a Mohawk women  |x Fiction. 
651 0 |a Canada  |x Fiction. 
655 7 |a Domestic fiction.  |2 lcsh 
906 |a 7  |b cbc  |c orignew  |d 3  |e ncip  |f 19  |g y-gencatlg 
942 |c BK 
955 |a uc04 04-27-93 To HLCD; lj08 05-25-93;lh06 06-04-93 (PR9199.3.M... S...); lk27 07-29-93; aa08 8-9-93 
999 |c 196687  |d 196687 
952 |0 0  |1 0  |4 0  |6 813_000000000000000_MAR_S  |7 0  |9 217382  |a ENG  |b ENG  |c ST1  |d 2013-07-11  |i 15168  |l 0  |o 813 MAR/S  |p ENG15168  |r 2013-07-11  |w 2018-08-21  |y BK